=LDR 00000nam 2200000 4500 =001 INLIS000000000049013 =005 20170118103735.0 =006 =007 =008 =020 ##$$a 978-602-391-133-2 =035 ##$$0010-011700000000294 =040 ##$$a NBPDMAT =082 ##$$a 372 .21 =090 ##$$a 372 .21 Mif t =100 ##$$a Miftahul jannah =245 ##$$a Tes kecerdasan untuk anak usia dini : Buku pintar paud & tk / $c Miftahul jannah, M, psi . =260 ##$$a Yogyakarta : $b Saufa kids, 2016 =300 ##$$a 108 hlm . : $b ilus . ; $c 27 cm =500 ##$$a Bibliografi : hlm .108 =650 ##$$a Taman kanak - kanak